[Event "Czech Chess Christmas 2011"]
[Site "Litomysl"]
[Date "2011.12.30"]
[Round "7.10"]
[White "Vrana, Frantisek"]
[Black "Krupa, Krzysztof"]
[Result "1-0"]
[WhiteElo "2245"]
[BlackElo "2025"]
[PlyCount "111"]
[EventDate "2011.12.26"]

1. Nf3 Nf6 2. c4 g6 3. d4 c5 4. Nc3 cxd4 5. Nxd4 Bg7 6. e4 d6 7. Be2 O-O 8. O-O
Nc6 9. Be3 Bd7 10. Rc1 Rc8 11. f3 a6 12. Qd2 Ne8 13. Nb3 Be6 14. Na4 Ne5 15.
Na5 Rb8 16. Ba7 Ra8 17. Bb6 Qd7 18. b3 Nf6 19. Bd4 Rab8 20. Nb6 Qd8 21. Rfd1
Nc6 22. Be3 Nd7 23. Nxc6 bxc6 24. Nxd7 Qxd7 25. c5 d5 26. exd5 Bxd5 27. Bxa6
Rfd8 28. Qe2 Qa7 29. Rd2 Re8 30. Bc4 e6 31. Qf2 Qa3 32. Rcc2 Bf8 33. Bf1 e5 34.
Qh4 f5 35. Bc4 f4 36. Bf2 Be7 37. Qg4 Kf8 38. Bf1 Ra8 39. g3 fxg3 40. Qxg3 Bf6
41. Be3 Kg7 42. Qh3 h5 43. Rg2 Kh7 44. Qg3 Rg8 45. Bd3 Bf7 46. Qh3 h4 47. Qd7
Rg7 48. Qxc6 Qa5 49. Rcd2 h3 50. Rg3 Kg8 51. Qxf6 Qc3 52. Bh6 Qc1+ 53. Kf2
Qxc5+ 54. Ke2 Rh7 55. Bxg6 Bxg6 56. Rxg6+ 1-0

[Event "Czech Chess Christmas 2011"]
[Site "Litomysl"]
[Date "2011.12.30"]
[Round "7.11"]
[White "Pekar, Vaclav"]
[Black "Michalowski, Peter"]
[Result "1-0"]
[WhiteElo "2170"]
[BlackElo "2048"]
[PlyCount "103"]
[EventDate "2011.12.26"]

1. d4 Nf6 2. Nf3 e6 3. e3 d5 4. Bd3 Be7 5. O-O O-O 6. Nbd2 c5 7. c3 b6 8. dxc5
bxc5 9. e4 Nc6 10. Qe2 Qc7 11. e5 Nd7 12. Re1 f6 13. exf6 Nxf6 14. c4 Bd6 15.
Nf1 d4 16. Ng3 e5 17. Ng5 Bg4 18. Bxh7+ Nxh7 19. Qxg4 Nxg5 20. Bxg5 Qf7 21. Ne4
Be7 22. Qh4 Rae8 23. b3 Nb4 24. Rad1 Bxg5 25. Nxg5 Qg6 26. Qg3 Nxa2 27. Ne4
Qxg3 28. hxg3 Nc3 29. Nxc3 dxc3 30. Rc1 Rb8 31. Rxc3 Rfe8 32. Rce3 Kf7 33. Rxe5
Rxe5 34. Rxe5 Rxb3 35. Rxc5 Rb1+ 36. Kh2 Rc1 37. g4 a5 38. Rxa5 Rxc4 39. Kg3 g6
40. g5 Rc6 41. f4 Rb6 42. Ra7+ Kg8 43. Rd7 Ra6 44. Kf3 Re6 45. g4 Re1 46. f5
Rf1+ 47. Ke4 Rg1 48. Kf4 Re1 49. f6 Kh8 50. Kf3 Re5 51. Rd8+ Kh7 52. f7 1-0

[Event "Czech Chess Christmas 2011"]
[Site "Litomysl"]
[Date "2011.12.30"]
[Round "7.12"]
[White "Hrabal, Michal"]
[Black "Hentze, Markus"]
[Result "1-0"]
[WhiteElo "2031"]
[BlackElo "2111"]
[PlyCount "95"]
[EventDate "2011.12.26"]

1. e4 Nc6 2. Nf3 g6 3. d3 d6 4. Nbd2 Bg7 5. g3 e5 6. Bg2 Be6 7. c3 h6 8. O-O
Qd7 9. Nb3 Bh3 10. Re1 Bxg2 11. Kxg2 f5 12. Nh4 Qf7 13. exf5 gxf5 14. Qf3 Nge7
15. Bd2 O-O-O 16. Kh1 Kb8 17. Ng2 d5 18. Qe2 Ng6 19. Nc5 d4 20. c4 Rhe8 21. b4
e4 22. b5 exd3 23. Qf3 Nge5 24. Rxe5 Rxe5 25. Nxd3 Qxc4 26. bxc6 Rb5 27. Ngf4
Qxc6 28. Qxc6 bxc6 29. a4 Rb3 30. Nc5 Rb2 31. Nfe6 Rd5 32. Bf4 Kc8 33. Nd3 Rb3
34. Nc1 Rb2 35. Nxg7 d3 36. Nxd3 Rxd3 37. Be3 Rd5 38. Rc1 Kd7 39. Nh5 Ra5 40.
Rc4 Ra2 41. Nf6+ Kd8 42. Rxc6 R5xa4 43. Nd5 Kd7 44. Rxh6 Rc4 45. h4 a5 46. Ra6
Kc8 47. h5 Rg4 48. h6 1-0

[Event "Czech Chess Christmas 2011"]
[Site "Litomysl"]
[Date "2011.12.30"]
[Round "7.13"]
[White "Liuba, Volodymyr"]
[Black "Dzikowski, Michal"]
[Result "1-0"]
[WhiteElo "2108"]
[BlackElo "1764"]
[PlyCount "45"]
[EventDate "2011.12.26"]

1. e4 c6 2. d4 d5 3. Nc3 dxe4 4. Nxe4 Nd7 5. Ng5 Ngf6 6. Bd3 e6 7. N1f3 h6 8.
Nxe6 Qe7 9. O-O fxe6 10. Bg6+ Kd8 11. c4 b6 12. Bf4 Bb7 13. Re1 Ng4 14. Bg3 Qb4
15. Rxe6 Be7 16. Qe2 Ba6 17. Rxe7 Qxe7 18. Bc7+ Kxc7 19. Qxe7 Rad8 20. Ne5
Ngxe5 21. dxe5 Kb8 22. Rd1 Bc8 23. e6 1-0

[Event "Czech Chess Christmas 2011"]
[Site "Litomysl"]
[Date "2011.12.30"]
[Round "7.14"]
[White "Pulpan, Jakub"]
[Black "Schaefer, Reyk"]
[Result "0-1"]
[WhiteElo "1988"]
[BlackElo "2100"]
[PlyCount "86"]
[EventDate "2011.12.26"]

1. e4 e5 2. Nf3 d6 3. d4 exd4 4. Nxd4 Nf6 5. Nc3 Be7 6. Be2 O-O 7. O-O Re8 8.
f4 c5 9. Nb3 Nc6 10. Bf3 Bf8 11. Re1 c4 12. Nd2 d5 13. e5 d4 14. Nce4 Nxe4 15.
Bxe4 Be6 16. Nf3 Bc5 17. Ng5 h6 18. Nxe6 Rxe6 19. Kh1 Nb4 20. Qg4 d3 21. cxd3
cxd3 22. f5 Rxe5 23. Bxh6 Qf6 24. Bg5 Rxe4 25. Rxe4 Qxb2 26. Rae1 d2 27. Rd1
Nd3 28. Bh4 Qc1 29. f6 g6 30. Rc4 Qb2 31. Qe2 Rd8 32. Rxd2 Qb1+ 33. Be1 Nf2+
34. Qxf2 Bxf2 35. Rxd8+ Kh7 36. g3 Qxe1+ 37. Kg2 g5 38. Rcc8 Kg6 39. Rg8+ Kxf6
40. Rce8 Qg1+ 41. Kf3 Qxh2 42. Ke4 Qxg3 43. Kd5 Qd3# 0-1

[Event "Czech Chess Christmas 2011"]
[Site "Litomysl"]
[Date "2011.12.30"]
[Round "7.15"]
[White "Kowalczyk, Mariusz"]
[Black "Kaczmarek, Maciej"]
[Result "0-1"]
[WhiteElo "1829"]
[BlackElo "2051"]
[PlyCount "92"]
[EventDate "2011.12.26"]

1. c4 Nf6 2. g3 e5 3. Bg2 Nc6 4. Nc3 Be7 5. e3 d6 6. Nge2 O-O 7. a3 a5 8. O-O
Be6 9. d3 Qd7 10. Rb1 Bh3 11. d4 exd4 12. Nxd4 Bxg2 13. Kxg2 Nxd4 14. Qxd4 Qc6+
15. e4 Nd7 16. Nd5 Bf6 17. Nxf6+ Nxf6 18. f3 a4 19. Bd2 Nd7 20. Bc3 f6 21. Rbd1
Nb6 22. c5 dxc5 23. Qd3 Rf7 24. Qe2 Re8 25. g4 Qe6 26. Qb5 Qc6 27. Qe2 h5 28.
gxh5 f5 29. Rde1 Nd5 30. Qc2 Nf4+ 31. Kh1 c4 32. exf5 Rxe1 33. Bxe1 Nd3 34. Qe2
Rxf5 35. Bd2 Nxb2 36. h6 c3 37. Bc1 Nc4 38. Qg2 g6 39. h7+ Kxh7 40. Qe2 Rf7 41.
h4 Nd2 42. Bxd2 cxd2 43. Kg2 Qd6 44. Rd1 Rd7 45. h5 gxh5 46. Kh1 Qf4 0-1

[Event "Czech Chess Christmas 2011"]
[Site "Litomysl"]
[Date "2011.12.31"]
[Round "8.3"]
[White "Burdalev, Kirill"]
[Black "Jasny, Stanislav"]
[Result "1/2-1/2"]
[WhiteElo "2314"]
[BlackElo "2348"]
[PlyCount "39"]
[EventDate "2011.12.26"]

1. Nf3 Nf6 2. c4 c6 3. d4 d5 4. e3 e6 5. Nbd2 Nbd7 6. Bd3 Bd6 7. e4 e5 8. cxd5
cxd5 9. exd5 O-O 10. O-O exd4 11. Ne4 Nxe4 12. Bxe4 Nf6 13. Bg5 Be7 14. Bxf6
Bxf6 15. Nxd4 Qb6 16. Nb3 Bd7 17. Rb1 Rac8 18. Qf3 a5 19. Bf5 Bxf5 20. Qxf5
1/2-1/2

[Event "Czech Chess Christmas 2011"]
[Site "Litomysl"]
[Date "2011.12.31"]
[Round "8.4"]
[White "Zeberski, Jakub"]
[Black "Krupa, Monika"]
[Result "1-0"]
[WhiteElo "2360"]
[BlackElo "2235"]
[PlyCount "71"]
[EventDate "2011.12.26"]

1. Nf3 Nf6 2. c4 e6 3. g3 d5 4. b3 c5 5. Bg2 Nc6 6. O-O d4 7. e3 e5 8. exd4 e4
9. Re1 Be7 10. Ne5 Nxd4 11. d3 exd3 12. Nxd3 Bg4 13. f3 Bf5 14. Nc3 O-O 15. Bg5
Ne6 16. Bxf6 Bxf6 17. Ne5 Nd4 18. Rc1 Nc2 19. Re2 Qd4+ 20. Qxd4 cxd4 21. Nd5 d3
22. Rd2 Bxe5 23. Ne7+ Kh8 24. Nxf5 Nd4 25. Re1 Rfe8 26. Rxe5 Ne2+ 27. Rdxe2
dxe2 28. Ne7 g6 29. Rxe2 Kg7 30. Kf2 a5 31. f4 a4 32. Bxb7 Ra7 33. Nf5+ Kf8 34.
Rxe8+ Kxe8 35. Bc6+ Kd8 36. Nd4 1-0

[Event "Czech Chess Christmas 2011"]
[Site "Litomysl"]
[Date "2011.12.31"]
[Round "8.5"]
[White "Zakharchenko, Arnold"]
[Black "Novotny, Michal"]
[Result "1/2-1/2"]
[WhiteElo "2233"]
[BlackElo "2337"]
[PlyCount "129"]
[EventDate "2011.12.26"]

1. d4 e6 2. c4 Nf6 3. Nf3 d5 4. Nc3 Bb4 5. cxd5 exd5 6. Bg5 h6 7. Bh4 c5 8.
dxc5 Nbd7 9. Qa4 Bxc3+ 10. bxc3 O-O 11. Qb4 g5 12. Bg3 Ne4 13. Bd6 Re8 14. e3
b6 15. cxb6 Qf6 16. Bg3 axb6 17. Bb5 Nxc3 18. O-O Nxb5 19. Qxb5 Ra5 20. Qb4 Ba6
21. Rfc1 Bc4 22. Nd4 Rea8 23. a3 Nc5 24. Rcb1 R8a6 25. Rd1 Ra4 26. Qb1 Rxa3 27.
Rxa3 Rxa3 28. Qf5 Qxf5 29. Nxf5 Kh7 30. h4 Nd3 31. Nd6 Kg6 32. e4 Rc3 33. exd5
Bxd5 34. Ra1 gxh4 35. Bxh4 Nf4 36. Ra4 Nxg2 37. Rg4+ Kh5 38. Rd4 Nxh4 39. Rxd5+
Kg4 40. Rd4+ Kh3 41. Kf1 f5 42. Ke2 Rc2+ 43. Ke3 Ng2+ 44. Kf3 Rc3+ 45. Ke2 f4
46. Ne4 f3+ 47. Kd2 Rc6 48. Nd6 Kh2 49. Ne4 Kg1 50. Rb4 Nf4 51. Rb5 Kg2 52. Ke3
Rc2 53. Kxf4 Rc6 54. Rb3 h5 55. Rxf3 h4 56. Ke3 b5 57. Rf4 h3 58. Rg4+ Kh2 59.
f3 b4 60. Nd2 b3 61. Nxb3 Rc3+ 62. Kf2 Rxb3 63. Rg8 Rb2+ 64. Kf1 Rb1+ 65. Kf2
1/2-1/2

[Event "Czech Chess Christmas 2011"]
[Site "Litomysl"]
[Date "2011.12.31"]
[Round "8.6"]
[White "Cizinsky, Petr"]
[Black "Vrana, Frantisek"]
[Result "1-0"]
[WhiteElo "2162"]
[BlackElo "2245"]
[PlyCount "47"]
[EventDate "2011.12.26"]

1. e4 e6 2. d4 d5 3. e5 c5 4. c3 Nc6 5. Nf3 Qb6 6. Bd3 cxd4 7. cxd4 Bd7 8. O-O
Nxd4 9. Nbd2 Bb5 10. Bxb5+ Nxb5 11. Nb3 Qd8 12. Be3 Nh6 13. Rc1 Nf5 14. Qd3 a6
15. a4 Na7 16. Nc5 Nxe3 17. Nxb7 Qb6 18. fxe3 Qxb7 19. Ng5 Be7 20. Rxf7 Rf8 21.
Rxg7 Qxb2 22. Rxe7+ Kxe7 23. Qxh7+ Ke8 24. Qg6+ 1-0

[Event "Czech Chess Christmas 2011"]
[Site "Litomysl"]
[Date "2011.12.31"]
[Round "8.7"]
[White "Goluch, Piotr"]
[Black "Liuba, Volodymyr"]
[Result "1-0"]
[WhiteElo "2203"]
[BlackElo "2108"]
[PlyCount "47"]
[EventDate "2011.12.26"]

1. Nf3 Nf6 2. c4 e6 3. g3 d5 4. cxd5 exd5 5. Bg2 Be7 6. O-O O-O 7. d4 b6 8. Nc3
Bb7 9. Bf4 Na6 10. Rc1 c5 11. Ne5 Ne4 12. dxc5 Naxc5 13. Nb5 Bf6 14. b4 Ne6 15.
Bxe4 dxe4 16. Nd7 Nxf4 17. gxf4 Bh4 18. Nxf8 Qf6 19. Qd7 Ba6 20. Nc7 Bxe2 21.
Nxa8 Qxf4 22. Qh3 Qg5+ 23. Qg2 Qf4 24. Rc8 1-0

[Event "Czech Chess Christmas 2011"]
[Site "Litomysl"]
[Date "2011.12.31"]
[Round "8.8"]
[White "Schaefer, Reyk"]
[Black "Pekar, Vaclav"]
[Result "1/2-1/2"]
[WhiteElo "2100"]
[BlackElo "2170"]
[PlyCount "70"]
[EventDate "2011.12.26"]

1. Nf3 f5 2. d4 Nf6 3. g3 e6 4. Bg2 Be7 5. O-O O-O 6. c4 d6 7. Nc3 Ne4 8. Qc2
Nxc3 9. Qxc3 a5 10. Qc2 Nc6 11. a3 Bf6 12. d5 Ne7 13. dxe6 Bxe6 14. Bg5 Nc6 15.
Bxf6 Qxf6 16. e3 a4 17. Rfd1 Ra5 18. Nd4 Nxd4 19. Rxd4 Rb8 20. Bd5 b5 21. Bxe6+
Qxe6 22. Rd5 c5 23. Rad1 Ra6 24. R1d2 bxc4 25. Qxc4 Rbb6 26. Qh4 h6 27. Qf4
Rxb2 28. Rxd6 Rxd6 29. Rxd6 Qe7 30. Qc4+ Kh7 31. Qd5 Qg5 32. Rd8 Qg4 33. Qg8+
Kg6 34. Qf8 Kh7 35. Qg8+ Kg6 1/2-1/2

[Event "Czech Chess Christmas 2011"]
[Site "Litomysl"]
[Date "2011.12.31"]
[Round "8.9"]
[White "Kaczmarek, Maciej"]
[Black "Kowalczyk, Rafal"]
[Result "0-1"]
[WhiteElo "2051"]
[BlackElo "2130"]
[PlyCount "118"]
[EventDate "2011.12.26"]

1. e4 e5 2. Nf3 Nc6 3. Bb5 f5 4. Nc3 fxe4 5. Nxe4 d5 6. Nxe5 dxe4 7. Nxc6 Qg5
8. Qe2 Nf6 9. Ne5+ c6 10. f4 Qxf4 11. d4 Qh4+ 12. g3 Qh3 13. Bc4 Be6 14. Bg5
Bd6 15. Bxf6 gxf6 16. Bxe6 Qxe6 17. Qh5+ Ke7 18. Ng4 Rag8 19. Ne3 Rg5 20. Qe2
Kd7 21. c4 Bb4+ 22. Kd1 Kc8 23. Kc2 Rd8 24. Rhd1 h5 25. a3 Bd6 26. b4 Qe8 27.
c5 Bf8 28. Qc4 h4 29. g4 h3 30. Rf1 Rg6 31. Kb3 Kb8 32. Rae1 Qd7 33. Kc3 Bg7
34. Rf4 Qc7 35. Rxe4 Bh6 36. Nf5 Qxh2 37. R1e2 Qg1 38. Qf7 Qa1+ 39. Kb3 Qb1+
40. Ka4 Qd1+ 41. Qb3 Qxb3+ 42. Kxb3 Bg5 43. Re7 Rh8 44. Nd6 f5 45. Re8+ Rxe8
46. Rxe8+ Kc7 47. gxf5 Rh6 48. Re1 h2 49. Rh1 Bf4 50. f6 Bxd6 51. cxd6+ Kxd6
52. Kc4 Rh5 53. a4 Ke6 54. b5 Kxf6 55. bxc6 bxc6 56. d5 cxd5+ 57. Kc5 Ke5 58.
a5 d4 59. Re1+ Kf4+ 0-1

[Event "Czech Chess Christmas 2011"]
[Site "Litomysl"]
[Date "2011.12.31"]
[Round "8.10"]
[White "Kastner, Oldrich"]
[Black "Hrabal, Michal"]
[Result "1/2-1/2"]
[WhiteElo "2137"]
[BlackElo "2031"]
[PlyCount "91"]
[EventDate "2011.12.26"]

1. e4 e5 2. Nf3 Nc6 3. d4 exd4 4. Nxd4 Nf6 5. Nxc6 bxc6 6. e5 Qe7 7. Qe2 Nd5 8.
c4 Ba6 9. b3 O-O-O 10. Bb2 Qb4+ 11. Qd2 Qxd2+ 12. Nxd2 Nb4 13. Kd1 c5 14. a3
Nc6 15. Nf3 d6 16. Kc2 dxe5 17. Nxe5 Nxe5 18. Bxe5 f6 19. Bc3 Bb7 20. f3 Bd6
21. Bd3 Rde8 22. Rae1 Bc6 23. Rxe8+ Rxe8 24. Re1 Rxe1 25. Bxe1 Bxh2 26. Bxh7
Kd7 27. Kd3 Be5 28. Bf2 Kd6 29. Bf5 Bb2 30. b4 Bxa3 31. Bg3+ Ke7 32. b5 Bd7 33.
Ke4 c6 34. Bxd7 Kxd7 35. Bb8 cxb5 36. cxb5 Kc8 37. Bd6 Kb7 38. Kd5 Kb6 39. Kc4
f5 40. Be7 Bb4 41. g3 g6 42. g4 fxg4 43. fxg4 Ba3 44. Bd8+ Kb7 45. Ba5 a6 46.
bxa6+ 1/2-1/2

[Event "Czech Chess Christmas 2011"]
[Site "Litomysl"]
[Date "2011.12.31"]
[Round "8.13"]
[White "Niemers, Johannes"]
[Black "Ruzicka, Vaclav"]
[Result "1/2-1/2"]
[WhiteElo "2011"]
[BlackElo "2065"]
[PlyCount "126"]
[EventDate "2011.12.26"]

1. e4 c5 2. Nf3 d6 3. d4 cxd4 4. Nxd4 Nf6 5. Nc3 g6 6. Be2 Bg7 7. Be3 O-O 8. f3
Nc6 9. Qd2 Bd7 10. g4 Rc8 11. h4 Ne5 12. h5 Nc4 13. Bxc4 Rxc4 14. hxg6 fxg6 15.
b3 Rc8 16. Nd1 Bxg4 17. fxg4 Nxe4 18. Qb4 Qd7 19. Rg1 h5 20. gxh5 Qh3 21. Qxb7
Qh4+ 22. Ke2 Qxh5+ 23. Ke1 Bxd4 24. Qxe4 Bxa1 25. Rxg6+ Bg7 26. Bh6 Rf7 27.
Bxg7 Qh3 28. Bh6+ Kh8 29. Be3 Qf5 30. Qxf5 Rxf5 31. c4 Kh7 32. Re6 Rf7 33. Nc3
Rg8 34. Bxa7 Rg2 35. b4 Rc2 36. Bd4 Rf4 37. Rxe7+ Kg6 38. Re6+ Kf7 39. Rxd6 Rh4
40. Rf6+ Ke8 41. Kd1 Rb2 42. Re6+ Kd7 43. Rd6+ Kxd6 44. Nb5+ Kc6 45. Bxb2 Rxc4
46. Nd4+ Kd5 47. a3 Rc8 48. Kd2 Kc4 49. b5 Rb8 50. a4 Ra8 51. Nf5 Rxa4 52. b6
Rb4 53. Bd4 Kd5 54. Kc3 Rb1 55. Ne3+ Kc6 56. Nc4 Rb5 57. Be3 Rb1 58. Na5+ Kb5
59. Nb3 Ka6 60. Kc2 Rh1 61. Nd2 Rh4 62. Kb3 Rh3 63. Nc4 Rxe3+ 1/2-1/2

[Event "Czech Chess Christmas 2011"]
[Site "Litomysl"]
[Date "2011.12.31"]
[Round "8.14"]
[White "Michalowski, Peter"]
[Black "Kratochvil, Josef"]
[Result "0-1"]
[WhiteElo "2048"]
[BlackElo "2233"]
[PlyCount "60"]
[EventDate "2011.12.26"]

1. e4 c5 2. Nf3 e6 3. d4 cxd4 4. Nxd4 a6 5. Nc3 b5 6. g3 Bb7 7. Bg2 Nf6 8. a3
Qc7 9. O-O d6 10. Qe2 Be7 11. Kh1 Nbd7 12. Nb3 Rc8 13. f4 h5 14. h3 Nb6 15. Na5
Ba8 16. Bd2 g6 17. Rac1 Nfd7 18. Nd1 Bf6 19. Bc3 e5 20. Bb4 h4 21. Qd2 Nc5 22.
Nc3 hxg3 23. f5 g5 24. Kg1 Rh4 25. Rfe1 Nba4 26. Nxa4 bxa4 27. Nc4 Nxe4 28.
Rxe4 Qa7+ 29. Kh1 Rxc4 30. Qd5 Rxh3+ 0-1

[Event "Czech Chess Christmas 2011"]
[Site "Litomysl"]
[Date "2011.12.31"]
[Round "8.15"]
[White "Krejcova, Katerina"]
[Black "Balacek, Tadeas"]
[Result "0-1"]
[WhiteElo "1968"]
[BlackElo "2235"]
[PlyCount "52"]
[EventDate "2011.12.26"]

1. e4 e6 2. d4 d5 3. exd5 exd5 4. Bd3 c5 5. dxc5 Bxc5 6. Nf3 Nf6 7. O-O O-O 8.
Bg5 Nc6 9. h3 h6 10. Bf4 Ne4 11. Nbd2 Bf5 12. Nb3 Bb6 13. c3 Qf6 14. Be3 Bxe3
15. fxe3 Bg6 16. Qc2 Rac8 17. a3 Rfe8 18. Rae1 Re7 19. Nfd4 Qg5 20. Rf4 Ne5 21.
Nf3 Qg3 22. Nbd4 Nxd3 23. Qxd3 Nf2 24. Nf5 Nxd3 25. Nxe7+ Kh7 26. Rg4 Qf2+ 0-1

[Event "Czech Chess Christmas 2011"]
[Site "Litomysl"]
[Date "2012.01.01"]
[Round "9.1"]
[White "Bulski, Krzysztof"]
[Black "Cizinsky, Petr"]
[Result "1-0"]
[WhiteElo "2519"]
[BlackElo "2162"]
[PlyCount "49"]
[EventDate "2011.12.26"]

1. d4 Nf6 2. c4 g6 3. Nc3 d5 4. Bf4 Bg7 5. e3 O-O 6. Nf3 dxc4 7. Bxc4 Nfd7 8.
Rc1 Nb6 9. Bb3 c6 10. h3 Na6 11. O-O Bd7 12. Qe2 c5 13. Ne5 cxd4 14. exd4 Nc7
15. d5 Rc8 16. Rfe1 e6 17. Nxd7 Nxd7 18. Bxc7 Qxc7 19. dxe6 fxe6 20. Bxe6+ Kh8
21. Rcd1 Rcd8 22. Nb5 Qc6 23. Rd6 Qc5 24. Red1 Be5 25. b4 1-0

[Event "Czech Chess Christmas 2011"]
[Site "Litomysl"]
[Date "2012.01.01"]
[Round "9.2"]
[White "Kanovsky, David"]
[Black "Burdalev, Kirill"]
[Result "1-0"]
[WhiteElo "2453"]
[BlackElo "2314"]
[PlyCount "131"]
[EventDate "2011.12.26"]

1. e4 e5 2. Nf3 Nc6 3. Bb5 Nge7 4. O-O g6 5. c3 a6 6. Ba4 Bg7 7. d4 exd4 8.
cxd4 b5 9. Bb3 O-O 10. Re1 d6 11. h3 Na5 12. Bc2 c5 13. Nc3 Bb7 14. b3 Rc8 15.
Bb2 b4 16. Ne2 c4 17. Ng3 Nec6 18. Bc1 Na7 19. Bg5 Qd7 20. Qd2 Nb5 21. Bh6 cxb3
22. Bxb3 Nxb3 23. axb3 Rc3 24. Bxg7 Kxg7 25. Ra4 Rxb3 26. Rxb4 Rxb4 27. Qxb4
Rc8 28. Qd2 h6 29. Nh2 Rh8 30. d5 Qc7 31. Rc1 Qb6 32. Rc4 Qd8 33. Ng4 h5 34.
Qb2+ f6 35. Ne3 Qa5 36. Qc1 Qd8 37. Ne2 Qd7 38. Nf4 Kf7 39. Ne6 Rc8 40. h4 Rxc4
41. Nxc4 Qc8 42. Qh6 Qg8 43. Nb6 Ke7 44. g3 Nc3 45. Qe3 Nb5 46. Qc1 Qb8 47. Qh6
Qg8 48. f3 Na7 49. Kf2 Nb5 50. Qc1 Qb8 51. Qh6 Qg8 52. g4 hxg4 53. fxg4 Nc3 54.
Qf4 Qh8 55. g5 fxg5 56. Qxg5+ Kf7 57. Kf3 Nb5 58. Nd8+ Ke8 59. Nxb7 Qc3+ 60.
Kg4 Qc7 61. Qxg6+ Kf8 62. Qf5+ Kg7 63. Qd7+ Qxd7+ 64. Nxd7 Kh6 65. Nb6 Kg6 66.
Nc4 1-0

[Event "Czech Chess Christmas 2011"]
[Site "Litomysl"]
[Date "2012.01.01"]
[Round "9.3"]
[White "Cerveny, Martin"]
[Black "Zeberski, Jakub"]
[Result "1-0"]
[WhiteElo "2347"]
[BlackElo "2360"]
[PlyCount "59"]
[EventDate "2011.12.26"]

1. d4 f5 2. e4 fxe4 3. Nc3 Nf6 4. Bg5 Nc6 5. d5 Ne5 6. Qe2 Nf7 7. h4 c6 8.
O-O-O Qa5 9. Bxf6 gxf6 10. Qxe4 Nd6 11. Qe1 c5 12. Ne4 Qxe1 13. Nxd6+ exd6 14.
Rxe1+ Kf7 15. g4 b6 16. f4 Bb7 17. Bg2 Bg7 18. Ne2 Rae8 19. Ng3 Bh6 20. g5 fxg5
21. Nf5 Bf8 22. hxg5 Rxe1+ 23. Rxe1 h5 24. Rh1 b5 25. Bf3 Kg6 26. Nh4+ Kf7 27.
f5 Be7 28. f6 Bf8 29. Rf1 c4 30. Be4 1-0

[Event "Czech Chess Christmas 2011"]
[Site "Litomysl"]
[Date "2012.01.01"]
[Round "9.4"]
[White "Jasny, Stanislav"]
[Black "Drozdowski, Kacper"]
[Result "1/2-1/2"]
[WhiteElo "2348"]
[BlackElo "2314"]
[PlyCount "99"]
[EventDate "2011.12.26"]

1. e4 c5 2. Nf3 e6 3. d4 cxd4 4. Nxd4 a6 5. Nc3 b5 6. Bd3 Bb7 7. O-O Nc6 8.
Nxc6 Bxc6 9. Qe2 Bc5 10. Be3 Qb6 11. Bxc5 Qxc5 12. Kh1 Ne7 13. f4 b4 14. Nd1 f5
15. Nf2 O-O 16. Rae1 Rf6 17. Qe3 Qa5 18. Qd4 Raf8 19. g3 fxe4 20. Bxe4 Bb5 21.
Ng4 R6f7 22. Rg1 Nc6 23. Qc5 Qxa2 24. Qg5 Kh8 25. Qh5 Rf5 26. Bxf5 exf5 27. b3
Ne7 28. Ne5 Qxc2 29. Qd1 Qc5 30. Rg2 Nd5 31. Qc1 Nc3 32. Qe3 Qxe3 33. Rxe3 d6
34. Nf3 Nd1 35. Re1 Bc6 36. Rxd1 Bxf3 37. Rxd6 Rc8 38. Kg1 Bxg2 39. Kxg2 g6 40.
Rxa6 Rc3 41. Kh3 Kg7 42. Kh4 Rxb3 43. Ra7+ Kh6 44. Rb7 Rb1 45. h3 b3 46. Rb6
Rc1 47. Rxb3 Rc4 48. Rb6 Ra4 49. Rc6 Rb4 50. Ra6 1/2-1/2

[Event "Czech Chess Christmas 2011"]
[Site "Litomysl"]
[Date "2012.01.01"]
[Round "9.5"]
[White "Novotny, Michal"]
[Black "Goluch, Piotr"]
[Result "1/2-1/2"]
[WhiteElo "2337"]
[BlackElo "2203"]
[PlyCount "28"]
[EventDate "2011.12.26"]

1. d4 Nf6 2. Nc3 d5 3. Bg5 Nbd7 4. Qd3 e6 5. e4 dxe4 6. Nxe4 Be7 7. Nxf6+ Bxf6
8. Bxf6 Nxf6 9. Nf3 O-O 10. O-O-O c5 11. dxc5 Qa5 12. Qb5 Qxa2 13. Bc4 Bd7 14.
Bxa2 Bxb5 1/2-1/2

[Event "Czech Chess Christmas 2011"]
[Site "Litomysl"]
[Date "2012.01.01"]
[Round "9.6"]
[White "Kowalczyk, Rafal"]
[Black "Zakharchenko, Arnold"]
[Result "1/2-1/2"]
[WhiteElo "2130"]
[BlackElo "2233"]
[PlyCount "76"]
[EventDate "2011.12.26"]

1. e4 e6 2. d4 d5 3. e5 c5 4. c3 Nc6 5. Nf3 Bd7 6. a3 f6 7. Bf4 Qb6 8. b4 cxd4
9. cxd4 Nge7 10. Bd3 f5 11. Bc2 a5 12. b5 Qxb5 13. Nc3 Qb6 14. Rb1 Qd8 15. Rxb7
Bc8 16. Rb1 Ba6 17. Ba4 Rc8 18. Bb5 Bxb5 19. Nxb5 Ng6 20. Bg5 Qd7 21. Nh4 Nxh4
22. Bxh4 Kf7 23. Qa4 h6 24. f4 Rg8 25. O-O g5 26. Bg3 Be7 27. Rfc1 Kg6 28. Be1
Na7 29. Rxc8 Rxc8 30. Qxa5 Nxb5 31. Rxb5 Rc1 32. Rb3 Qc6 33. Qd2 Qc4 34. Rc3
Rxc3 35. Qxc3 Qxc3 36. Bxc3 Bxa3 37. fxg5 Kxg5 38. Bd2+ Kg6 1/2-1/2

[Event "Czech Chess Christmas 2011"]
[Site "Litomysl"]
[Date "2012.01.01"]
[Round "9.7"]
[White "Sabol, Marian"]
[Black "Kratochvil, Josef"]
[Result "1-0"]
[WhiteElo "2371"]
[BlackElo "2233"]
[PlyCount "25"]
[EventDate "2011.12.26"]

1. e4 c5 2. Nf3 e6 3. c3 d5 4. e5 Nc6 5. d4 Bd7 6. Be2 Nge7 7. O-O Nf5 8. Na3
cxd4 9. cxd4 Qb6 10. Nc2 Be7 11. b3 f6 12. g4 Nh6 13. exf6 1-0

[Event "Czech Chess Christmas 2011"]
[Site "Litomysl"]
[Date "2012.01.01"]
[Round "9.8"]
[White "Pekar, Vaclav"]
[Black "Svana, Peter"]
[Result "1/2-1/2"]
[WhiteElo "2170"]
[BlackElo "2258"]
[PlyCount "109"]
[EventDate "2011.12.26"]

1. c4 Nf6 2. g3 g6 3. Bg2 d5 4. cxd5 Nxd5 5. Nc3 Nb6 6. Nf3 Bg7 7. O-O O-O 8.
a3 c5 9. b4 c4 10. Qc2 Nc6 11. Rd1 e5 12. d3 Nd4 13. Nxd4 exd4 14. dxc4 Qe8 15.
c5 dxc3 16. cxb6 axb6 17. a4 Bd7 18. a5 Bc6 19. Be3 bxa5 20. bxa5 Bxg2 21. Kxg2
Qb5 22. Bb6 Rfe8 23. e3 Re6 24. Rab1 Qc4 25. Kg1 h5 26. h4 Rc6 27. Rd3 Bf6 28.
Rc1 Rac8 29. Bd4 Bxd4 30. exd4 Qd5 31. Qa4 Rc4 32. Qb3 Qxa5 33. Qxb7 Qa3 34.
Rc2 Qa4 35. Rc1 c2 36. d5 Qb4 37. Qxb4 Rxb4 38. Re3 Rd4 39. Kf1 Rd1+ 40. Re1
Rxd5 41. Re2 Rd1+ 42. Re1 Rxc1 43. Rxc1 Kg7 44. Ke2 Kf6 45. Kd3 Kf5 46. f3 Ke5
47. Rxc2 Rxc2 48. Kxc2 Kd4 49. Kd2 f6 50. Ke2 Kd5 51. Ke3 Ke5 52. Kf2 Kd4 53.
Ke2 Kd5 54. Ke3 Ke5 55. Kf2 1/2-1/2

[Event "Czech Chess Christmas 2011"]
[Site "Litomysl"]
[Date "2012.01.01"]
[Round "9.9"]
[White "Krupa, Monika"]
[Black "Schaefer, Reyk"]
[Result "1-0"]
[WhiteElo "2235"]
[BlackElo "2100"]
[PlyCount "61"]
[EventDate "2011.12.26"]

1. e4 c6 2. d4 d5 3. Nc3 dxe4 4. Nxe4 Bf5 5. Ng3 Bg6 6. h4 h6 7. Nf3 Nd7 8. h5
Bh7 9. Bd3 Bxd3 10. Qxd3 e6 11. Bd2 Ngf6 12. O-O-O Be7 13. Kb1 Qc7 14. Ne4 Rd8
15. g3 Nxe4 16. Qxe4 Nf6 17. Qe2 b5 18. Bf4 Qd7 19. Ne5 Qd5 20. f3 a5 21. g4 a4
22. Bc1 Ra8 23. Rhe1 b4 24. f4 b3 25. c4 bxa2+ 26. Kxa2 Qd6 27. g5 O-O 28. gxf6
Bxf6 29. c5 Qc7 30. Qf3 Ra6 31. f5 1-0

[Event "Czech Chess Christmas 2011"]
[Site "Litomysl"]
[Date "2012.01.01"]
[Round "9.10"]
[White "Vrana, Frantisek"]
[Black "Hrabal, Michal"]
[Result "1/2-1/2"]
[WhiteElo "2245"]
[BlackElo "2031"]
[PlyCount "87"]
[EventDate "2011.12.26"]

1. e4 e5 2. Nf3 Nc6 3. Bb5 f5 4. Nc3 fxe4 5. Nxe4 Nf6 6. Nxf6+ Qxf6 7. Qe2 Be7
8. Bxc6 dxc6 9. Qxe5 Bg4 10. d3 Bxf3 11. Qxf6 Bxf6 12. gxf3 O-O 13. c3 Be5 14.
Ke2 Rf5 15. h4 Bf4 16. Be3 Re8 17. d4 c5 18. dxc5 Rxc5 19. Rad1 Rb5 20. b3 Ra5
21. a4 Rae5 22. Rd3 R5e6 23. Rg1 R8e7 24. Rg4 Bd6 25. Rdd4 Kf7 26. b4 Be5 27.
Rc4 Bf6 28. Kd3 a6 29. Rc5 h6 30. b5 axb5 31. axb5 c6 32. b6 Re5 33. Rcc4 Rd5+
34. Kc2 Ree5 35. Ra4 Rh5 36. Rgc4 Ra5 37. Rab4 Rab5 38. Ra4 Ra5 39. Rg4 Ke6 40.
Rae4+ Rae5 41. Ra4 Ra5 42. Rac4 Rab5 43. Rge4+ Kf7 44. Ra4 1/2-1/2